000 01220nam a22002897a 4500
005 20101206113148.0
008 101206t xxu||||| |||| 00| 0 hin d
010 _aHIN-91572
020 _c250.00
_a9788128826238
035 _aHN-63918
037 _bDBAD/PUB
040 _aDPL
_bHN
082 _a370
100 _924598
_aसुदर्शन
245 _aअब भी वक्त है, संभल ए नौजवान /
_cआचार्य सुदर्शन
246 _aab bhi waqt hai, sambhal E Nawjawan
_bby Acharya Sudershan
260 _aनई दिल्ली
_bडायमंड पॉकेट बुक्स
_c2010
270 _a-30 ओखला इंडस्ट्रियल एरिया, फेज-11
_bनई दिल्ली
_e110020
_k011- 41611861
_l011- 41611866
_msales@dpb.in
300 _a135पृ.
_c22सेमी (सजिल्द)
650 _91169
700 _924599
700 _925390
700 _925450
700 _925451
942 _2ddc
_cHN
_mसुदर्श
_h370
999 _c50009
_d50009